000 00265nam a2200121Ia 4500
008 190216s9999||||xx |||||||||||||| ||und||
100 _aSrivastav R M
245 0 _aFinancial Management
260 _bNull
_c1979
300 _a740p
650 _aCommerce
942 _cBK
999 _c6527
_d6527